Every Track Kyle Busch Has Won At - Statistics

General Stats
  • This quiz has been taken 21 times
  • The average score is 22 of 24
Answer Stats
Times Won Answer % Correct
2 Atlanta
100%
9 Bristol
100%
1 Daytona
100%
1 Gateway
100%
3 New Hampshire
100%
2 Sonoma
100%
2 Talladega
100%
4 Texas
100%
5 Auto Club
92%
1 Charlotte
92%
2 Kansas
92%
2 Kentucky
92%
1 Las Vegas
92%
3 Phoenix
92%
6 Richmond
92%
2 Chicagoland
85%
3 Dover
85%
2 Homestead-Miami
85%
2 Martinsville
85%
1 Michigan
85%
2 Watkins Glen
85%
2 Indianapolis
69%
4 Pocono
69%
1 Darlington
62%
No matching quizzes found
Score Distribution
Percent of People with Each Score
Percentile by Number Answered
Your Score History
You have not taken this quiz